00343pab a2200097 454500008003600000100001600036245009900052362003500151650002500186773003400211180718b xxu||||| |||| 00| 0 eng d aSharma H.R. aDistributon of land holdings in rural India, 1953-54 to 1981-82: implications for land reforms a29(13), 26 Mar 1994, p.A12-A25 aLand Tenure -- India aEconomic and Political Weekly